| 000 | 01047nam a2200301Ia 4500 | ||
|---|---|---|---|
| 003 | OSt | ||
| 005 | 20221007122839.0 | ||
| 006 | a|||||r|||| 00| 0 | ||
| 007 | ta | ||
| 008 | 221006b |||||||| |||| 00| 0 eng d | ||
| 020 | _a9789382291244 (hbk) | ||
| 024 | _a190533 | ||
| 037 |
_b2397, 19/03/2014, Ashutosh Technical Books _cTextual |
||
| 040 |
_aPAPL _cPAPL _beng |
||
| 041 |
_2eng _aeng |
||
| 082 | _aC21:(D), P8 Carpa | ||
| 100 |
_aSaito S Ed. _9715391 |
||
| 245 | 0 |
_aCarbon nanotubes: quantum cylinders of graphene _b Zettl A Ed. |
|
| 260 |
_aAmsterdam _bElsevier _c2008 |
||
| 300 |
_axiii, 215p. ill. _ccm. |
||
| 500 | _aInclude bibliographical references; Include author index 199-212p.; Include subject index 213-215p. | ||
| 650 |
_a Carbon nanotubes _9712319 |
||
| 650 |
_a Nanotubes _9715392 |
||
| 650 | _aPhysics | ||
| 700 |
_a Zettl A Ed. _9715393 |
||
| 942 |
_hC21:(D), P8 Carpa _cTEXL _2CC |
||
| 999 |
_c1211019 _d1211019 |
||